Thermodynamic Lawyer Esq, G.F.D. - WWATTW Lyric quiz - Statistics

General Stats
  • This quiz has been taken 12 times
  • The average score is 195 of 353
Answer Stats
Answer % Correct
a
100%
and
100%
bitch
100%
black
100%
from
100%
fuck
100%
go
100%
hair
100%
her
100%
(I
100%
i
100%
in
100%
is
100%
me
100%
my
100%
no
100%
of
100%
off
100%
she
100%
so
100%
Tearing
100%
the
100%
to
100%
as
75%
baboons
75%
contempt)
75%
die
75%
for
75%
four-thousand
75%
fucking
75%
hold
75%
insisting
75%
ive
75%
(Kill
75%
(kill
75%
kill
75%
knee
75%
knocking
75%
myself
75%
names
75%
pieces
75%
round
75%
skull
75%
some
75%
til
75%
twisted
75%
with
75%
you
75%
your
75%
yourself)
75%
yourself
75%
all
50%
apollo
50%
apology
50%
autism
50%
back
50%
came
50%
ceiling
50%
chessboard
50%
chest
50%
cover
50%
disease
50%
down
50%
end
50%
fan
50%
game
50%
head
50%
it
50%
jesus
50%
last
50%
lies
50%
like
50%
lips
50%
misery
50%
never
50%
pages
50%
primary
50%
pulls
50%
request
50%
reveal
50%
see
50%
seems
50%
shamelessly
50%
shes
50%
skinny
50%
spines
50%
spoils
50%
strapped
50%
tears
50%
that
50%
trip
50%
up
50%
vomiting
50%
won
50%
13
25%
absolute
25%
advantage
25%
again
25%
apart
25%
at
25%
baby
25%
beg
25%
blight
25%
bonds
25%
break
25%
brindles
25%
broke
25%
bruises
25%
buckle
25%
businessmen
25%
but
25%
can
25%
chemical
25%
could
25%
entropy
25%
excuses
25%
fall
25%
garbled
25%
hand
25%
heart
25%
heres
25%
humanity
25%
judges
25%
knees
25%
language
25%
lord
25%
makes
25%
not
25%
now
25%
oh
25%
out
25%
pick
25%
rest
25%
sake
25%
seth
25%
spare
25%
swear
25%
thee
25%
them
25%
theremin
25%
throat
25%
throbbing
25%
unfurling
25%
uses
25%
well
25%
wrist
25%
absurd
0%
acid
0%
are
0%
barren
0%
blame
0%
blessed
0%
blood
0%
brians
0%
collects
0%
cry
0%
curling
0%
drying
0%
features
0%
foams
0%
full
0%
giving
0%
gruesome
0%
herd
0%
illness
0%
inside
0%
intending
0%
its
0%
kiss
0%
learn
0%
looking
0%
mojave
0%
mouth
0%
mucus
0%
poor
0%
posion
0%
proboscis
0%
sands
0%
shecould
0%
snake
0%
soil
0%
squeel
0%
stand
0%
through
0%
transmissons
0%
trolly
0%
twisting
0%
unable
0%
vessels
0%
visage
0%
were
0%
wheel
0%
whoa
0%
words
0%
wrings
0%
youre
0%
No matching quizzes found
Score Distribution
Percent of People with Each Score
Percentile by Number Answered
Your Score History
You have not taken this quiz